Maantiedettä kirjaimittain - N - Statistics

Yleistilastot
  • Tätä visaa on pelattu 1 495 kertaa
  • Keskiarvotulos 12 / 20
Vastaustilastot
Vihje Vastaus % Oikein
Valtio Himalajan vuoristossa Nepal
94%
Maailman pisin joki Niili
94%
Lempinimellä "Iso Omena" tunnettu kaupunki New York
93%
Pizza on lähtöisin tästä kaupungista Napoli
92%
Vuonoistaan tunnettu valtio Norja
92%
Jeesus vietti lapsuutensa tässä kaupungissa Nasaret
84%
Kenian pääkaupunki Nairobi
81%
Tähän kaupunkiin pudotettiin ydinpommi toisessa maailmansodassa Nagasaki
80%
Tunnettu katedraali Pariisissa Notre-Dame
75%
Japani japaniksi Nihon
55%
Baijerin kaupunki, jossa käytiin natsien oikeudenkäyntejä Nürnberg
51%
Pietarin halki virtaava joki Neva
48%
Ranskan alue Englannin kanaalin rannalla Normandia
43%
Suuri intiaanikansa Yhdysvaltain lounaisosissa Navajot
38%
Afrikan eteläosien länsirannikolla sijaitseva maailman vanhin aavikko Namib
36%
Suuri saari Kanadan itärannikolla Newfoundland
35%
Noin 39 %:lla Vietnamin väestöstä on tämä sukunimi Nguyễn
33%
Useita kertoja Kiinan pääkaupunkina toiminut kaupunki Jangtsen varrella Nanjing
26%
Keski-Amerikan suurin järvi, jossa elää haita Nicaraguajärvi
22%
Irakin pohjoisosissa sijaitseva rauniokaupunki, joka oli Assyrian pääkaupunki Ninive
10%
Ehtoja vastaavia visoja ei löytynyt
Tulosjakauma
Jokaisen tuloksen saaneiden osuus
Persentiili vastausten määrän mukaan
Tuloshistoriasi
Et ole pelannut tätä visaa